LEADER 01089nam a2200277 i 4500 001 000000227988 003 CaOOAMICUS 005 20140312000000.0 008 140312s2012 it u000 u ita u 013 $a206890 020 $a978-88-07-01921-0 040 $aSeMil$bita 100 1 $aPennac, Daniel,$d<1944- >.$0(OLS)http://semarc/name/15467 240 10$aJournal d'un corps.$0(OLS)http://semarc/title/326319 245 10$aStoria di un corpo /$cDaniel Pennac ; traduzione di Yasmina Melaouah. 260 $aMilano :$bFeltrinelli,$c2012. 300 $a341 p. ;$c22 cm. 490 0 $aI narratori 700 1 $aMelaouah, Yasmina,$d<1961- >.$0(OLS)http://semarc/name/15468 830 0$aNarratori.$0(OLS)http://semarc/title/425583 850 $aSeMil 852 $aSeMil$W1$xVenegono$y1$m1V IV 175$j178334$B178334$CSeMilBibl$Z2$F189271 $81 961 $aOmaggio: Altro 996 $6020$a978-88-07-01921-0$9(OLS)http://semarc/number/229851 996 $6245$aStoria di un corpo$9(OLS)http://semarc/title/326318 996 $6260$aMilano :$bFeltrinelli$9(OLS)http://semarc/publisher/30237 LEADER 01577nam a2200253 i 4500 001 000000185350 003 CaOOAMICUS 005 20151020000000.0 008 151020s1629 it u000 u ita u 013 $a163352 026 $ai-e, n.1. onr- tica (3) 1629 (A) 040 $aSeMil$bita 245 10$aVita del v.le F. Francesco del Bambingiesu religioso dell'Ordine de Carmelitani Scalzi, scritta in lingua spagnuola dal P.F. Giuseppe di Giesu Maria, e tradotta nella nostra italiana dal P.F. Girolamo di S. Teresa ambidoi del predetto ordine. 260 $aIn Brescia :$bPer Paolo Bizardo,$c1629. 300 $a[16], 479, [17] p. ;$c4º. 500 $aSegn. : a-b4 A-3Q4 (3Q4 bianca). - Front. in cornice calcogr. con stemma dei Carmelitani. - Testo in cornice xilogr. a doppio filetto - Cors. ; rom. 650 4$aReligiosi - Biografie.$0(OLS)http://semarc/subject/796 700 1 $aGirolamo : di Santa Teresa.$0(OLS)http://semarc/name/40601 700 1 $aBizardo, Paolo .$0(OLS)http://semarc/name/68103 700 1 $aJosé : de Jesús María.$0(OLS)http://semarc/name/40602 850 $aSeMil 852 $aSeMil$W1$xVenegono$y1$m3H VI 40 FA$j136041$B136041$CSeMilBibl$Z2$F147607 $8I 996 $6245$aVita del v.le F. Francesco del Bambingiesu religioso dell'Ordine de Carmelitani Scalzi, scritta in lingua spagnuola dal P.F. Giuseppe di Giesu Maria, e tradotta nella nostra italiana dal P.F. Girolamo di S. Teresa ambidoi del predetto ordine$9(OLS)http://semarc/title/266325 996 $6260$aIn Brescia :$bPer Paolo Bizardo$9(OLS)http://semarc/publisher/49848